<?xml version="1.0" encoding="UTF-8"?>
<record
    xmlns:xsi="http://www.w3.org/2001/XMLSchema-instance"
    xsi:schemaLocation="http://www.loc.gov/MARC21/slim http://www.loc.gov/standards/marcxml/schema/MARC21slim.xsd"
    xmlns="http://www.loc.gov/MARC21/slim">

  <leader>00824nam a2200205Ia 4500</leader>
  <controlfield tag="001">17611</controlfield>
  <controlfield tag="003">GE_BSU</controlfield>
  <controlfield tag="008">181216s||||||||xx |||||||||||||| ||und||</controlfield>
  <datafield tag="040" ind1=" " ind2=" ">
    <subfield code="c">GE_BSU</subfield>
  </datafield>
  <datafield tag="080" ind1=" " ind2=" ">
    <subfield code="a">621.396(035.5)</subfield>
  </datafield>
  <datafield tag="100" ind1=" " ind2=" ">
    <subfield code="a">&#x411;&#x430;&#x440;&#x44B;&#x433;&#x438;&#x43D;,&#x410;.&#x410;. &#x413;&#x43E;&#x440;&#x438;&#x43D;,&#x41E;.&#x413;. &#x438; &#x434;&#x440;.</subfield>
  </datafield>
  <datafield tag="245" ind1=" " ind2=" ">
    <subfield code="a">&#x421;&#x43F;&#x440;&#x430;&#x432;&#x43E;&#x447;&#x43D;&#x438;&#x43A; &#x43F;&#x43E; &#x442;&#x435;&#x43E;&#x440;&#x435;&#x442;&#x438;&#x447;&#x435;&#x441;&#x43A;&#x438;&#x43C; &#x43E;&#x441;&#x43D;&#x43E;&#x432;&#x430;&#x43C; &#x440;&#x430;&#x434;&#x438;&#x43E;&#x442;&#x44D;&#x43B;&#x435;&#x43A;&#x442;&#x440;&#x43E;&#x43D;&#x438;&#x43A;&#x438;. &#x412; 2-&#x445; &#x442;&#x43E;&#x43C;&#x430;&#x445;. &#x422;&#x43E;&#x43C; 1.</subfield>
  </datafield>
  <datafield tag="245" ind1=" " ind2=" ">
    <subfield code="c">&#x41F;&#x43E;&#x434; &#x440;&#x435;&#x434;. &#x411;.&#x425;.&#x41A;&#x440;&#x438;&#x432;&#x438;&#x446;&#x43A;&#x43E;&#x433;&#x43E;, &#x412;.&#x41D;.&#x414;&#x443;&#x43B;&#x438;&#x43D;&#x430;. &#x420;&#x435;&#x434;. &#x412;.&#x412;.&#x415;&#x43D;&#x44E;&#x442;&#x438;&#x43D;, &#x411;.&#x412;.&#x420;&#x43E;&#x449;&#x438;&#x43D;, &#x41C;.&#x411;.&#x427;&#x435;&#x43B;&#x43D;&#x43E;&#x43A;&#x43E;&#x432;.</subfield>
  </datafield>
  <datafield tag="260" ind1=" " ind2=" ">
    <subfield code="a">&#x41C;.</subfield>
  </datafield>
  <datafield tag="260" ind1=" " ind2=" ">
    <subfield code="b">&#x42D;&#x43D;&#x435;&#x440;&#x433;&#x438;&#x44F;.</subfield>
  </datafield>
  <datafield tag="260" ind1=" " ind2=" ">
    <subfield code="c">1977.</subfield>
  </datafield>
  <datafield tag="300" ind1=" " ind2=" ">
    <subfield code="a">504 &#x441;&#x442;&#x440;. &#x441; &#x438;&#x43B;&#x43B;. 26 &#x441;&#x43C;.</subfield>
  </datafield>
  <datafield tag="653" ind1=" " ind2=" ">
    <subfield code="a">&#x421;&#x43F;&#x440;&#x430;&#x432;&#x43E;&#x447;&#x43D;&#x438;&#x43A; &#x43F;&#x43E; &#x442;&#x435;&#x43E;&#x440;&#x435;&#x442;&#x438;&#x447;&#x435;&#x441;&#x43A;&#x438;&#x43C; &#x43E;&#x441;&#x43D;&#x43E;&#x432;&#x430;&#x43C; &#x440;&#x430;&#x434;&#x438;&#x43E;&#x442;&#x44D;&#x43B;&#x435;&#x43A;&#x442;&#x440;&#x43E;&#x43D;&#x438;&#x43A;&#x438;.</subfield>
  </datafield>
  <datafield tag="942" ind1=" " ind2=" ">
    <subfield code="c">BK</subfield>
  </datafield>
  <datafield tag="999" ind1=" " ind2=" ">
    <subfield code="c">50660</subfield>
    <subfield code="d">50660</subfield>
  </datafield>
  <datafield tag="952" ind1=" " ind2=" ">
    <subfield code="0">0</subfield>
    <subfield code="1">0</subfield>
    <subfield code="4">0</subfield>
    <subfield code="7">0</subfield>
    <subfield code="9">69327</subfield>
    <subfield code="d">2018-12-17</subfield>
    <subfield code="p">10380</subfield>
    <subfield code="r">2018-12-17</subfield>
    <subfield code="w">2018-12-17</subfield>
    <subfield code="y">BK</subfield>
  </datafield>
</record>
